[Event "Prvenstvo Sente   SENTA 2014"]
[Site "Senta"]
[Date "2014.01.24"]
[Round "1.7"]
[White "Uveric, Nebojsa"]
[Black "Kaszas, Viktor"]
[Result "0-1"]
[WhiteElo "1521"]
[BlackElo "2045"]
[PlyCount "82"]
[EventDate "2014.01.24"]

1. c4 Nf6 2. d4 g6 3. Nc3 Bg7 4. e4 O-O 5. e5 Ne8 6. Be3 d6 7. f4 c5 8. dxc5
Nc6 9. cxd6 exd6 10. Nf3 Bf5 11. a3 dxe5 12. Qxd8 Rxd8 13. Bc5 exf4 14. Bxf8
Kxf8 15. Be2 Nd4 16. O-O Nxe2+ 17. Nxe2 Bxb2 18. Ra2 Bg7 19. Nxf4 Rc8 20. Rc1
Bh6 21. g3 Nd6 22. c5 g5 23. Rd1 Nb5 24. Ne2 Rxc5 25. Rd8+ Ke7 26. Rb8 Nd6 27.
Ra8 Be6 28. Rb2 Bg7 29. Rb1 a6 30. Ned4 Bc4 31. Re1+ Kd7 32. Rg8 Bf6 33. Rd1
Rd5 34. Rd2 Ne4 35. Rd1 h5 36. Rf8 Nd6 37. Rd2 g4 38. Ne1 Bxd4+ 39. Kg2 Bc5 40.
Rc2 Re5 41. Rc1 Re2+ 0-1

[Event "Prvenstvo Sente   SENTA 2014"]
[Site "Senta"]
[Date "2014.01.24"]
[Round "1.9"]
[White "Djukic, Luka"]
[Black "Vucurovic, Nebojsa"]
[Result "0-1"]
[WhiteElo "1495"]
[BlackElo "2016"]
[PlyCount "66"]
[EventDate "2014.01.24"]

1. e4 e5 2. Nf3 Nc6 3. d4 exd4 4. Nxd4 Bc5 5. Nxc6 bxc6 6. Bc4 Nf6 7. Nc3 O-O
8. O-O h6 9. Re1 d6 10. Be3 Bxe3 11. Rxe3 Ng4 12. Rg3 Qh4 13. h3 Ne5 14. Bb3
Kh7 15. Ne2 Qxe4 16. c4 Qh4 17. c5 d5 18. Bxd5 Ba6 19. Qc2+ f5 20. Bb3 Rae8 21.
Rd1 Kh8 22. Rd4 Qf6 23. Rd2 f4 24. Rc3 f3 25. Ng3 fxg2 26. Kxg2 Nf3 27. Rd1
Ne1+ 28. Rxe1 Rxe1 29. Qd2 Re2 30. Nxe2 Qxf2+ 31. Kh1 Bxe2 32. Bc2 Qf1+ 33. Kh2
Rf2+ 0-1

[Event "Prvenstvo Sente   SENTA 2014"]
[Site "Senta"]
[Date "2014.01.24"]
[Round "1.10"]
[White "Sakic, Lorand"]
[Black "Burany, Karoly"]
[Result "1-0"]
[WhiteElo "1987"]
[BlackElo "1441"]
[PlyCount "61"]
[EventDate "2014.01.24"]

1. e4 e6 2. d4 d5 3. Nc3 dxe4 4. Nxe4 Bd6 5. Qg4 g6 6. Qf3 a6 7. Bc4 Nc6 8. c3
Bd7 9. Nh3 b5 10. Bd3 h6 11. Nf4 Rb8 12. Nxd6+ cxd6 13. Nxg6 Qf6 14. Qxf6 Nxf6
15. Nxh8 Ke7 16. Nxf7 Kxf7 17. Bxh6 d5 18. O-O Rg8 19. Bf4 Ke7 20. a4 Na7 21.
axb5 Bxb5 22. Bxb5 Nxb5 23. Rxa6 Ne4 24. Rb6 Nbd6 25. f3 Rf8 26. fxe4 Rxf4 27.
Rxf4 dxe4 28. Rxd6 Kxd6 29. Rxe4 Kd5 30. Re5+ Kd6 31. h4 1-0

[Event "Prvenstvo Sente   SENTA 2014"]
[Site "Senta"]
[Date "2014.01.24"]
[Round "1.11"]
[White "Boros, Aron"]
[Black "Toth, Kazmer"]
[Result "0-1"]
[WhiteElo "1420"]
[BlackElo "1978"]
[PlyCount "74"]
[EventDate "2014.01.24"]

1. e4 d6 2. Nf3 Nf6 3. Nc3 g6 4. d4 c6 5. Bc4 b5 6. Bb3 Bg7 7. O-O b4 8. e5
dxe5 9. dxe5 Qxd1 10. Nxd1 Nd5 11. Bxd5 cxd5 12. Ne3 e6 13. Bd2 Nc6 14. c3 bxc3
15. Bxc3 O-O 16. Ng4 Rd8 17. Rad1 Ba6 18. Rfe1 Rac8 19. Nf6+ Bxf6 20. exf6 h6
21. Bd2 Kh7 22. a4 Bc4 23. Bc3 Bb3 24. Rd2 Bxa4 25. Nd4 Nxd4 26. Bxd4 a6 27.
Ra1 Bb5 28. Bb6 Rd6 29. Bd4 Rdc6 30. Rdd1 g5 31. Be3 Kg6 32. Bd4 Kf5 33. h3 e5
34. g4+ Kxf6 35. Be3 d4 36. Bd2 Rc2 37. Ba5 Rxb2 0-1

[Event "Prvenstvo Sente   SENTA 2014"]
[Site "Senta"]
[Date "2014.01.24"]
[Round "1.12"]
[White "Kecskemeti, Arpad"]
[Black "Radisic, Dragoljub"]
[Result "1-0"]
[WhiteElo "1976"]
[BlackElo "1419"]
[PlyCount "37"]
[EventDate "2014.01.24"]

1. e4 e5 2. Nf3 Nc6 3. Bb5 a6 4. Ba4 Nf6 5. O-O b5 6. Bb3 Bc5 7. c3 d6 8. d4
Bb6 9. a4 b4 10. dxe5 Nxe4 11. Qd5 O-O 12. Qxc6 Bf5 13. Bd5 Nc5 14. cxb4 Bd7
15. Qxa8 Qxa8 16. Bxa8 Rxa8 17. bxc5 Bxc5 18. Be3 Bxe3 19. fxe3 1-0

[Event "Prvenstvo Sente   SENTA 2014"]
[Site "Senta"]
[Date "2014.01.25"]
[Round "2.1"]
[White "Simonyi, Zoltan"]
[Black "Korponai, Akos"]
[Result "1-0"]
[WhiteElo "2271"]
[BlackElo "1888"]
[PlyCount "51"]
[EventDate "2014.01.24"]

1. c4 c6 2. e4 d5 3. exd5 cxd5 4. cxd5 Nf6 5. Bb5+ Bd7 6. Bc4 g6 7. Nc3 Bg7 8.
d4 O-O 9. Nge2 Na6 10. O-O Nc7 11. a3 b5 12. Bb3 Bc8 13. d6 exd6 14. Bg5 Bb7
15. Qd2 Qd7 16. Rfe1 Rfe8 17. d5 Na6 18. Qf4 Nc5 19. Bxf6 Bxf6 20. Qxf6 Nxb3
21. Rad1 a5 22. Ng3 b4 23. Nce4 Nc5 24. axb4 Nxe4 25. Nxe4 axb4 26. Qd4 1-0

[Event "Prvenstvo Sente   SENTA 2014"]
[Site "Senta"]
[Date "2014.01.25"]
[Round "2.2"]
[White "Pilisi, Lukacs"]
[Black "Farkas, Tibor"]
[Result "0-1"]
[WhiteElo "1898"]
[BlackElo "2251"]
[PlyCount "60"]
[EventDate "2014.01.24"]

1. c4 g6 2. d4 Nf6 3. Nc3 Bg7 4. g3 O-O 5. Bg2 d6 6. Nf3 Nbd7 7. O-O e5 8. Re1
c6 9. dxe5 dxe5 10. Qc2 Qe7 11. b3 Re8 12. Bb2 Nf8 13. Rad1 e4 14. Ng5 Bf5 15.
e3 h6 16. Nh3 g5 17. Kh1 Bg6 18. Ne2 Ng4 19. Bxg7 Kxg7 20. Nc3 f5 21. Qb2 Ne5
22. Ne2 Nfd7 23. Rf1 Nc5 24. f4 exf3 25. Bxf3 g4 26. Bg2 gxh3 27. Bxh3 Kg8 28.
Nf4 Bh7 29. e4 Nxe4 30. Nh5 Rf8 0-1

[Event "Prvenstvo Sente   SENTA 2014"]
[Site "Senta"]
[Date "2014.01.25"]
[Round "2.3"]
[White "Vranic, Ljubomir"]
[Black "Sakic, Simeon"]
[Result "1-0"]
[WhiteElo "2213"]
[BlackElo "1868"]
[PlyCount "95"]
[EventDate "2014.01.24"]

1. Nf3 Nf6 2. c4 e6 3. g3 b6 4. Bg2 Bb7 5. O-O Be7 6. b3 d6 7. Bb2 Nbd7 8. Nc3
O-O 9. Qc2 c5 10. a4 a5 11. Rad1 Qb8 12. d4 e5 13. e3 h6 14. Rd2 Rd8 15. Rfd1
Bc6 16. dxe5 dxe5 17. Nh4 Bxg2 18. Nxg2 Qb7 19. Nd5 Nxd5 20. Rxd5 f6 21. Nh4
Nf8 22. Ng6 Rxd5 23. Rxd5 Rd8 24. Nxf8 Kxf8 25. e4 Rxd5 26. exd5 Qd7 27. Kg2
Qg4 28. f3 Qh5 29. g4 Qh4 30. Bc3 Bd6 31. Qe4 Qg5 32. Be1 Qc1 33. Bf2 Qd1 34.
Qf5 Be7 35. Qc8+ Kf7 36. Qe6+ Kf8 37. h3 Qd3 38. Qxb6 f5 39. Qb8+ Kf7 40. Qxe5
fxg4 41. hxg4 Qd2 42. Qe3 Qc2 43. Qf4+ Kg8 44. Qe4 Qxe4 45. fxe4 Bd6 46. Bg3
Be7 47. Bc7 Kf7 48. d6 1-0

[Event "Prvenstvo Sente   SENTA 2014"]
[Site "Senta"]
[Date "2014.01.25"]
[Round "2.4"]
[White "Posa, Janos"]
[Black "Nagy, Attila N"]
[Result "0-1"]
[WhiteElo "1866"]
[BlackElo "2206"]
[PlyCount "130"]
[EventDate "2014.01.24"]

1. d4 Nf6 2. c4 e6 3. Nc3 Bb4 4. a3 Bxc3+ 5. bxc3 O-O 6. Bg5 d6 7. Nf3 Qe7 8.
e4 h6 9. Bxf6 Qxf6 10. Bd3 e5 11. d5 Bg4 12. h3 Bh5 13. g4 Bg6 14. h4 Qf4 15.
Nd2 Nd7 16. Qe2 Nc5 17. Bc2 c6 18. Qe3 Qxg4 19. Bd1 Qf4 20. Qxf4 exf4 21. f3 f5
22. Bc2 fxe4 23. fxe4 Rae8 24. Rb1 cxd5 25. cxd5 Nxe4 26. Nxe4 Bxe4 27. Bxe4
Rxe4+ 28. Kd2 b6 29. Rb4 Re5 30. c4 f3 31. Rf1 Re4 32. c5 Re2+ 33. Kd3 dxc5 34.
Re4 Ra2 35. a4 Rf5 36. Kc3 Ra3+ 37. Kb2 Rd3 38. Re7 Rf7 39. Re8+ Kh7 40. Rd8 f2
41. d6 Kg6 42. Kc2 Rd4 43. a5 bxa5 44. Rc8 Kh5 45. Rxc5+ Kxh4 46. Rc7 Rxc7+ 47.
dxc7 Rc4+ 48. Kd3 Rxc7 49. Rxf2 Kg3 50. Rf5 g5 51. Rxa5 Rd7+ 52. Ke2 Re7+ 53.
Kf1 g4 54. Ra1 h5 55. Kg1 Re3 56. Kh1 h4 57. Kg1 a5 58. Kh1 a4 59. Kg1 a3 60.
Kh1 Rb3 61. Rg1+ Kf4 62. Ra1 g3 63. Kg1 h3 64. Rf1+ Kg4 65. Ra1 a2 0-1

[Event "Prvenstvo Sente   SENTA 2014"]
[Site "Senta"]
[Date "2014.01.25"]
[Round "2.5"]
[White "Pajzer, Istvan"]
[Black "Racz, Bela"]
[Result "1-0"]
[WhiteElo "2157"]
[BlackElo "1859"]
[PlyCount "71"]
[EventDate "2014.01.24"]

1. e4 c6 2. c4 d5 3. exd5 cxd5 4. cxd5 Nf6 5. Bb5+ Bd7 6. Bc4 b5 7. Bb3 g6 8.
Nf3 Bg7 9. O-O O-O 10. d4 Bg4 11. h3 Bxf3 12. Qxf3 Nbd7 13. a3 Nb6 14. Nc3 a6
15. Bg5 Qd7 16. Rad1 Rad8 17. Rfe1 h6 18. Bxf6 Bxf6 19. Ne4 Bg7 20. Nc5 Qa7 21.
Qe4 Bf6 22. d6 Rxd6 23. Qxg6+ Bg7 24. Qe4 Nc8 25. Re3 Bxd4 26. Rg3+ Kh8 27.
Rxd4 Qxc5 28. Rxd6 Qxd6 29. Qg4 Qe5 30. Bxf7 Nd6 31. Bg6 Qe1+ 32. Kh2 Qxf2 33.
Qh4 Qf4 34. Qxe7 Rf7 35. Bxf7 Nxf7 36. Qf8+ 1-0

[Event "Prvenstvo Sente   SENTA 2014"]
[Site "Senta"]
[Date "2014.01.25"]
[Round "2.6"]
[White "Mrzic, Branko"]
[Black "Sente, Damir"]
[Result "1/2-1/2"]
[WhiteElo "1855"]
[BlackElo "2103"]
[PlyCount "115"]
[EventDate "2014.01.24"]

1. e4 e5 2. d4 exd4 3. f4 Nc6 4. Nf3 d5 5. e5 Bc5 6. Bd3 Nge7 7. Nbd2 Bf5 8.
Nb3 Bb4+ 9. Kf2 O-O 10. a3 Ba5 11. Nxa5 Nxa5 12. Nxd4 Bxd3 13. cxd3 c5 14. Nb3
Nxb3 15. Qxb3 b6 16. Qd1 Nf5 17. Qg4 Qh4+ 18. Qxh4 Nxh4 19. g4 Ng6 20. h4 Ne7
21. Bd2 Nc6 22. Be3 Rfc8 23. Rac1 Na5 24. Rc2 Kf8 25. Bd2 Nb3 26. Be3 Ke7 27.
Re1 d4 28. Bc1 Ke6 29. f5+ Kd5 30. Bf4 c4 31. dxc4+ Rxc4 32. Rxc4 Kxc4 33. e6
Nc5 34. Kf3 fxe6 35. fxe6 Nd3 36. Re4 Kd5 37. e7 Re8 38. Bc7 Nc5 39. Re5+ Kc6
40. Bd8 Nb7 41. Re1 Nxd8 42. exd8=Q Rxd8 43. Rd1 Kd5 44. Rc1 Rd7 45. b3 Rf7+
46. Ke2 Ke4 47. Rc8 d3+ 48. Kd2 Rf2+ 49. Kd1 Rf1+ 50. Kd2 Rf2+ 51. Kd1 d2 52.
Rc7 Kd3 53. Rd7+ Kc3 54. Rc7+ Kxb3 55. Rxg7 a5 56. Rxh7 Kc3 57. Rc7+ Kd3 58.
Rd7+ 1/2-1/2

[Event "Prvenstvo Sente   SENTA 2014"]
[Site "Senta"]
[Date "2014.01.25"]
[Round "2.7"]
[White "Kaszas, Viktor"]
[Black "Bicskei, Mihaly"]
[Result "1-0"]
[WhiteElo "2045"]
[BlackElo "1853"]
[PlyCount "81"]
[EventDate "2014.01.24"]

1. e4 g6 2. d4 Bg7 3. Nc3 d6 4. Be3 Nf6 5. Qd2 Ng4 6. Bg5 h6 7. Bh4 g5 8. Bg3
e5 9. Nf3 exd4 10. Nxd4 Nc6 11. Bb5 Bd7 12. Bxc6 bxc6 13. h4 Ne5 14. O-O-O Rb8
15. Qe2 g4 16. Nf5 Bxf5 17. exf5 Qf6 18. Bxe5 Qxe5 19. Qxg4 O-O 20. Rhe1 Qf6
21. Rd3 d5 22. b3 a5 23. a3 Kh7 24. Ree3 Rfe8 25. Rg3 Re1+ 26. Kd2 Rbe8 27. Nd1
Qa1 28. Rde3 R1xe3 29. fxe3 Qf6 30. Rf3 Re4 31. Rf4 Qe7 32. Rxe4 dxe4 33. Qf4
Qd7+ 34. Ke2 Qe7 35. Nf2 Bf6 36. Nxe4 Be5 37. Qg4 Bf6 38. Nxf6+ Qxf6 39. Qe4
Qc3 40. f6+ Kg8 41. Qe8+ 1-0

[Event "Prvenstvo Sente   SENTA 2014"]
[Site "Senta"]
[Date "2014.01.25"]
[Round "2.8"]
[White "Vucurovic, Nebojsa"]
[Black "Lorincz, Renata"]
[Result "1-0"]
[WhiteElo "2016"]
[BlackElo "1836"]
[PlyCount "81"]
[EventDate "2014.01.24"]

1. e4 e5 2. Nc3 Nc6 3. Bc4 Nf6 4. Nf3 Bc5 5. d3 h6 6. h3 d6 7. Na4 Bb6 8. Nxb6
axb6 9. a4 O-O 10. Be3 d5 11. exd5 Nxd5 12. Qd2 Nxe3 13. Qxe3 Qd6 14. O-O Bd7
15. c3 Rfe8 16. Rfe1 Re7 17. b4 Rae8 18. Rad1 Kh8 19. Qe4 Nd8 20. Bb3 Bc6 21.
Qg4 Bxf3 22. Qxf3 Qc6 23. Qxc6 Nxc6 24. f3 Kg8 25. Re2 Kf8 26. g4 Rd8 27. Bc2
f6 28. Rde1 Red7 29. h4 Ne7 30. g5 hxg5 31. hxg5 Nd5 32. gxf6 gxf6 33. Rh2 Rg7+
34. Kf2 Nxc3 35. Rh6 Rd6 36. Bb3 Rg5 37. f4 Rf5 38. Rh8+ Ke7 39. Rh7+ Kd8 40.
Rg1 Rxf4+ 41. Ke1 1-0

[Event "Prvenstvo Sente   SENTA 2014"]
[Site "Senta"]
[Date "2014.01.25"]
[Round "2.9"]
[White "Ridjicki, Nenad"]
[Black "Sakic, Lorand"]
[Result "0-1"]
[WhiteElo "1844"]
[BlackElo "1987"]
[PlyCount "100"]
[EventDate "2014.01.24"]

1. e4 e5 2. Nf3 Nc6 3. Bc4 Nf6 4. Nc3 Bc5 5. O-O d6 6. h3 Be6 7. Qe2 Qd7 8.
Bxe6 fxe6 9. Na4 Nd4 10. Nxd4 Bxd4 11. Nc3 O-O 12. d3 a6 13. Kh2 g6 14. f4 Nh5
15. g3 exf4 16. gxf4 Qg7 17. Bd2 Nxf4 18. Bxf4 Rxf4 19. Rxf4 Be5 20. Qg4 g5 21.
Kh1 Bxf4 22. Qxe6+ Kh8 23. Rg1 Rf8 24. Nd5 Qxb2 25. Nxf4 gxf4 26. Qe7 Qf6 27.
Qxf6+ Rxf6 28. Rg4 f3 29. Kg1 f2+ 30. Kf1 Rf3 31. h4 h6 32. Rg2 Rh3 33. Rxf2
Kg7 34. Rg2+ Kf6 35. Rg4 Rh2 36. Rg2 Rxh4 37. Ke2 Rh1 38. Ke3 h5 39. c4 h4 40.
Kf4 h3 41. Rf2 Rd1 42. Ke3+ Kg5 43. Ke2 Ra1 44. Kf3 Rg1 45. Ke3 Rg3+ 46. Ke2
Kg4 47. Rf7 h2 48. Rg7+ Kh3 49. Rxc7 Rg4 50. Kf2 h1=Q 0-1

[Event "Prvenstvo Sente   SENTA 2014"]
[Site "Senta"]
[Date "2014.01.25"]
[Round "2.10"]
[White "Toth, Kazmer"]
[Black "Miljkovic, Vukasin"]
[Result "1-0"]
[WhiteElo "1978"]
[BlackElo "1683"]
[PlyCount "83"]
[EventDate "2014.01.24"]

1. d4 f5 2. g3 Nf6 3. Bg2 d5 4. Nf3 e6 5. Ne5 Bd6 6. f4 c5 7. e3 c4 8. c3 Qc7
9. Nd2 Nbd7 10. Ndf3 Nf8 11. O-O Ng6 12. Ng5 O-O 13. Bf3 Bxe5 14. fxe5 Ne4 15.
Bxe4 fxe4 16. Bd2 h6 17. Qh5 hxg5 18. Qxg6 Rxf1+ 19. Rxf1 Qe7 20. Rf6 Bd7 21.
Qxg5 Rf8 22. Rxf8+ Qxf8 23. Qf4 Qf5 24. g4 Qxf4 25. exf4 g6 26. Kg2 Kg7 27. Kg3
a5 28. Kh4 b5 29. a3 a4 30. Kg5 Be8 31. Be3 Bd7 32. h4 Be8 33. f5 Bf7 34. fxg6
Bxg6 35. h5 Bh7 36. Kh4 Kf7 37. g5 Bf5 38. g6+ Kf8 39. Kg5 Kg7 40. h6+ Kg8 41.
Kf6 Kh8 42. Kf7 1-0

[Event "Prvenstvo Sente   SENTA 2014"]
[Site "Senta"]
[Date "2014.01.25"]
[Round "2.11"]
[White "Sarnyai, Daniel"]
[Black "Kecskemeti, Arpad"]
[Result "1/2-1/2"]
[WhiteElo "1828"]
[BlackElo "1976"]
[PlyCount "21"]
[EventDate "2014.01.24"]

1. c4 Nf6 2. Nc3 g6 3. e4 d6 4. g3 Bg7 5. Bg2 O-O 6. Nge2 e5 7. d3 Nbd7 8. O-O
c6 9. f4 Ng4 10. h3 Nh6 11. fxe5 1/2-1/2

[Event "Prvenstvo Sente   SENTA 2014"]
[Site "Senta"]
[Date "2014.01.25"]
[Round "2.12"]
[White "Aleksic, Zvonimir"]
[Black "Nagy Abonyi, Arnold"]
[Result "1-0"]
[WhiteElo "1936"]
[BlackElo "1337"]
[PlyCount "61"]
[EventDate "2014.01.24"]

1. Nf3 d6 2. c4 c6 3. Nc3 Bg4 4. e4 Bxf3 5. Qxf3 e6 6. d4 Qf6 7. Qd3 Nd7 8. Be3
O-O-O 9. Be2 Qg6 10. Bf3 d5 11. cxd5 cxd5 12. Nb5 Kb8 13. Bf4+ e5 14. dxe5 Bb4+
15. Ke2 Qe6 16. exd5 Nc5 17. Qc4 Qb6 18. Qxb4 Rc8 19. Rhc1 a5 20. e6+ Ka8 21.
Nc7+ Qxc7 22. Bxc7 axb4 23. Rxc5 b6 24. d6+ Ka7 25. Bxb6+ Kxb6 26. Rxc8 fxe6
27. d7 Nf6 28. Rxh8 Nxd7 29. Rxh7 Ne5 30. Rxg7 Nxf3 31. gxf3 1-0

[Event "Prvenstvo Sente   SENTA 2014"]
[Site "Senta"]
[Date "2014.01.25"]
[Round "2.13"]
[White "Olajos, Gyozo"]
[Black "Davidovic, Zoran"]
[Result "1-0"]
[WhiteElo "1676"]
[BlackElo "1907"]
[PlyCount "133"]
[EventDate "2014.01.24"]

1. d4 f5 2. Bf4 Nf6 3. Nc3 e6 4. e3 Bb4 5. Bd3 O-O 6. Qd2 d5 7. a3 Ba5 8. f3
Nc6 9. h3 Nh5 10. Nge2 Ne7 11. Bg5 h6 12. Bh4 c6 13. O-O-O Qd6 14. g4 fxg4 15.
hxg4 Nf6 16. g5 Nh7 17. f4 h5 18. Bg3 Nf5 19. Rxh5 g6 20. Rh3 b5 21. Rdh1 Rf7
22. b4 Bb6 23. Bf2 a5 24. Nb1 Bd7 25. Ng3 Rg7 26. e4 axb4 27. axb4 Nxg3 28. e5
Qe7 29. Rxg3 Be8 30. c3 Ra1 31. Kd1 Qa7 32. Ke2 Ra2 33. Bc2 Rb2 34. Qd3 Qa2 35.
Rc1 Nf8 36. Nd2 Rh7 37. Rgg1 Qa3 38. Ra1 Ra2 39. Nb3 Qxb3 40. Rgc1 Qa3 41. Rxa2
Qxa2 42. Kf3 Qb2 43. Be3 Qa3 44. Kg3 Bd8 45. Bd2 Be7 46. Qf1 Bxb4 47. Ra1 Qb2
48. Qd1 Be7 49. Rb1 Qa2 50. Bb3 Qa7 51. Ra1 c5 52. Rxa7 c4 53. Bc2 Kf7 54. Bc1
Bd7 55. Ba3 Bxa3 56. Rxa3 Bc6 57. Qb1 Kg8 58. Bxg6 Rg7 59. Bc2 Be8 60. Ra8 Bc6
61. Rc8 Bd7 62. Rc7 Re7 63. Rxd7 Rxd7 64. Qxb5 Rg7 65. Qe8 Ra7 66. g6 Ra1 67.
Qf7+ 1-0

[Event "Prvenstvo Sente   SENTA 2014"]
[Site "Senta"]
[Date "2014.01.26"]
[Round "3.1"]
[White "Kaszas, Viktor"]
[Black "Simonyi, Zoltan"]
[Result "0-1"]
[WhiteElo "2045"]
[BlackElo "2271"]
[PlyCount "64"]
[EventDate "2014.01.24"]

1. d4 c5 2. Nf3 cxd4 3. Nxd4 d5 4. c4 e5 5. Nf3 d4 6. a3 g6 7. e3 Bg7 8. exd4
exd4 9. Bd3 Ne7 10. O-O O-O 11. b4 a5 12. Bb2 axb4 13. axb4 Rxa1 14. Bxa1 Na6
15. Qd2 Qb6 16. c5 Qxb4 17. Bxa6 Qa4 18. Bxd4 Qxa6 19. Bxg7 Kxg7 20. Re1 Qf6
21. Nc3 Bf5 22. Qe3 Rc8 23. Ne5 Be6 24. f4 Nf5 25. Qf2 Qh4 26. g3 Qd8 27. g4
Nh6 28. h3 Qa5 29. Ne4 Qb4 30. f5 Bd5 31. f6+ Kg8 32. Qf4 Qxe1+ 0-1

[Event "Prvenstvo Sente   SENTA 2014"]
[Site "Senta"]
[Date "2014.01.26"]
[Round "3.2"]
[White "Farkas, Tibor"]
[Black "Vucurovic, Nebojsa"]
[Result "1-0"]
[WhiteElo "2251"]
[BlackElo "2016"]
[PlyCount "69"]
[EventDate "2014.01.24"]

1. e4 e5 2. Nf3 Nf6 3. Nxe5 d6 4. Nf3 Nxe4 5. d4 d5 6. Bd3 Bd6 7. O-O O-O 8. c4
c6 9. Qc2 f5 10. Nc3 Na6 11. a3 Nc7 12. b4 Ne6 13. cxd5 cxd5 14. Ne2 Bd7 15.
Qb3 Nc7 16. Ne5 Bc8 17. f3 Nf6 18. Re1 Re8 19. Bb2 g6 20. Nf4 Kg7 21. Re2 g5
22. Nh3 h6 23. Rae1 Nh5 24. g4 Nf6 25. gxf5 Rf8 26. Rg2 Nh7 27. Qc2 Qf6 28. Nf4
Kg8 29. Nh5 Qd8 30. f4 Be7 31. Bc1 Bf6 32. fxg5 hxg5 33. h4 Bxe5 34. dxe5 Qe8
35. Bxg5 1-0

[Event "Prvenstvo Sente   SENTA 2014"]
[Site "Senta"]
[Date "2014.01.26"]
[Round "3.3"]
[White "Sakic, Lorand"]
[Black "Vranic, Ljubomir"]
[Result "1/2-1/2"]
[WhiteElo "1987"]
[BlackElo "2213"]
[PlyCount "132"]
[EventDate "2014.01.24"]

1. e4 d6 2. d4 Nf6 3. Nc3 c6 4. Bd3 e5 5. Nge2 b5 6. O-O Be7 7. a4 b4 8. Na2 c5
9. c3 a5 10. b3 O-O 11. d5 bxc3 12. Naxc3 Na6 13. Ng3 Rb8 14. Nb5 Qb6 15. Bd2
g6 16. Qe1 Nb4 17. Bc4 Ne8 18. Rc1 Bd7 19. Nc3 Ng7 20. f4 exf4 21. Bxf4 Bf6 22.
Kh1 Rbe8 23. Qd2 Be5 24. Rf2 f5 25. Bxe5 Rxe5 26. Rcf1 Qd8 27. exf5 Nxf5 28.
Nge4 Rfe8 29. g4 Rxe4 30. Nxe4 Rxe4 31. gxf5 Bxf5 32. Rxf5 gxf5 33. Rxf5 Rg4
34. Qh6 Rg6 35. Qf4 Qe7 36. Bf1 Nc2 37. Rh5 Ne3 38. Bd3 Qf6 39. Qxf6 Rxf6 40.
Bxh7+ Kg7 41. Bd3 Rf2 42. Rg5+ Kf6 43. Rg3 Nxd5 44. Kg1 Rb2 45. Bc4 Nf4 46. Rg8
Rd2 47. Ra8 Ke5 48. Rxa5 Ke4 49. Ra8 d5 50. Bf1 Rb2 51. Ra5 Kd4 52. Rb5 Ra2 53.
h4 Nh5 54. Bg2 Nf4 55. Bf3 c4 56. bxc4 dxc4 57. Rf5 Ke3 58. Bc6 c3 59. Re5+ Kd2
60. Be4 Rxa4 61. Bf5 Ne2+ 62. Kf2 Rf4+ 63. Kg2 Rxh4 64. Rd5+ Nd4 65. Kg3 c2 66.
Bxc2 Kxc2 1/2-1/2

[Event "Prvenstvo Sente   SENTA 2014"]
[Site "Senta"]
[Date "2014.01.26"]
[Round "3.4"]
[White "Nagy, Attila N"]
[Black "Toth, Kazmer"]
[Result "1-0"]
[WhiteElo "2206"]
[BlackElo "1978"]
[PlyCount "105"]
[EventDate "2014.01.24"]

1. b3 Nf6 2. Bb2 g6 3. Bxf6 exf6 4. c4 Bg7 5. Nc3 f5 6. Rc1 b6 7. d4 Bb7 8. d5
d6 9. g3 Nd7 10. Bg2 a6 11. Nf3 O-O 12. O-O Re8 13. e3 Ne5 14. Nd4 Qf6 15. Qd2
Nd7 16. Nc6 Nc5 17. f3 Qg5 18. b4 Bxc3 19. Rxc3 Bxc6 20. bxc5 Ba4 21. cxd6 cxd6
22. Qd4 Rab8 23. Re1 Qe7 24. f4 b5 25. c5 dxc5 26. Rxc5 Qa7 27. Qc3 b4 28. Qc4
Re7 29. d6 Rd7 30. Rc7 Qb6 31. Rxd7 Bxd7 32. Qc7 Be6 33. Kf2 Bxa2 34. Rd1 Be6
35. Bd5 Qxc7 36. dxc7 Rc8 37. Bxe6 Rxc7 38. Bb3 Rc3 39. Rb1 a5 40. Ke2 Kf8 41.
Kd2 Ke7 42. Bd5 Ra3 43. Rb2 f6 44. Ra2 Rxa2+ 45. Bxa2 Kd6 46. Kd3 Kc5 47. Bb3
Kb5 48. Bg8 Ka4 49. Kc2 Ka3 50. Bxh7 a4 51. Bxg6 Ka2 52. Bf7+ Ka1 53. h4 1-0

[Event "Prvenstvo Sente   SENTA 2014"]
[Site "Senta"]
[Date "2014.01.26"]
[Round "3.5"]
[White "Aleksic, Zvonimir"]
[Black "Pajzer, Istvan"]
[Result "0-1"]
[WhiteElo "1936"]
[BlackElo "2157"]
[PlyCount "66"]
[EventDate "2014.01.24"]

1. Nf3 c5 2. b3 Nf6 3. Bb2 d5 4. e3 Nc6 5. Bb5 e6 6. O-O Bd6 7. Bxc6+ bxc6 8.
Ne5 O-O 9. d3 a5 10. a4 Ba6 11. Nd2 Qc7 12. f4 Ne8 13. Qg4 f6 14. Nef3 Rf7 15.
f5 exf5 16. Qxf5 Bf8 17. e4 Nd6 18. Qf4 c4 19. bxc4 dxe4 20. Nxe4 Nxe4 21. Qxe4
Re7 22. Qh4 c5 23. Bc3 Bb7 24. Qf2 Rae8 25. Rfe1 Bc6 26. Rxe7 Bxe7 27. Nd2 Bd6
28. g3 Bb7 29. Rb1 h5 30. Rxb7 Qxb7 31. Ne4 Be5 32. Bxe5 Rxe5 33. Nxc5 Qe7 0-1

[Event "Prvenstvo Sente   SENTA 2014"]
[Site "Senta"]
[Date "2014.01.26"]
[Round "3.6"]
[White "Sente, Damir"]
[Black "Olajos, Gyozo"]
[Result "1/2-1/2"]
[WhiteElo "2103"]
[BlackElo "1676"]
[PlyCount "136"]
[EventDate "2014.01.24"]

1. d4 Nf6 2. c4 e6 3. Nf3 d5 4. Nc3 Nbd7 5. cxd5 exd5 6. Bg5 c6 7. e3 Be7 8.
Bd3 h6 9. Bh4 Qc7 10. O-O Bd6 11. Bg3 Ng4 12. Bxd6 Qxd6 13. Rb1 Nf8 14. e4 h5
15. exd5 cxd5 16. Bb5+ Bd7 17. Qa4 Ne6 18. Bxd7+ Qxd7 19. Qxd7+ Kxd7 20. Nxd5
Rhd8 21. h3 Ke8 22. Ne3 Nf6 23. Rfe1 Kf8 24. Rbd1 Nf4 25. h4 Rac8 26. g3 N4d5
27. Re2 Rc6 28. Nxd5 Rxd5 29. Ne1 a5 30. Rc2 Rcd6 31. Nf3 g6 32. Rc7 b6 33. Re1
Ng8 34. Ne5 Nh6 35. Nc4 Rf6 36. Ne5 Kg7 37. Rc4 Nf5 38. Nc6 Rdd6 39. Rec1 Rd5
40. a4 Rxc6 41. Rxc6 Nxd4 42. Kf1 Nxc6 43. Rxc6 b5 44. axb5 Rxb5 45. Rc2 a4 46.
Ke2 Rb3 47. Rd2 Kh6 48. Kd1 f5 49. Kc2 Rf3 50. Kd1 f4 51. Ke2 Rb3 52. gxf4 Rh3
53. Rd4 Rxh4 54. Rxa4 Rg4 55. Kf3 Rg1 56. Ra6 Kg7 57. Ra7+ Kf6 58. b4 h4 59.
Rh7 Rb1 60. Rb7 Rb3+ 61. Kg4 h3 62. Rh7 Rxb4 63. Rxh3 Rb5 64. Rh8 Kg7 65. Re8
Kf7 66. Re5 Rb6 67. f5 gxf5+ 68. Kxf5 Rf6+ 1/2-1/2

[Event "Prvenstvo Sente   SENTA 2014"]
[Site "Senta"]
[Date "2014.01.26"]
[Round "3.7"]
[White "Kecskemeti, Arpad"]
[Black "Vrabel, Mate"]
[Result "1-0"]
[WhiteElo "1976"]
[BlackElo "1513"]
[PlyCount "43"]
[EventDate "2014.01.24"]

1. e4 e5 2. Nf3 Nc6 3. Bb5 Bc5 4. c3 d6 5. O-O Bd7 6. d4 exd4 7. cxd4 Bb4 8.
Qa4 a6 9. Bxc6 bxc6 10. Qxb4 f6 11. e5 f5 12. exd6 h6 13. Re1+ Kf7 14. Ne5+ Kf6
15. dxc7 Qxc7 16. Bf4 Qd8 17. Qd6+ Be6 18. Ng4+ Kg6 19. Qxe6+ Nf6 20. Ne5+ Kh5
21. Qxf5+ g5 22. Qh3# 1-0

[Event "Prvenstvo Sente   SENTA 2014"]
[Site "Senta"]
[Date "2014.01.26"]
[Round "3.9"]
[White "Davidovic, Zoran"]
[Black "Grbin, Stefan"]
[Result "1-0"]
[WhiteElo "1907"]
[BlackElo "1609"]
[PlyCount "75"]
[EventDate "2014.01.24"]

1. d4 Nf6 2. Bg5 e6 3. e3 Be7 4. Bd3 c5 5. c3 cxd4 6. exd4 Nc6 7. Nf3 d5 8. O-O
O-O 9. Qc2 h6 10. Bf4 Nh5 11. Bg3 Bd6 12. Be5 Nf6 13. Nbd2 Bxe5 14. Nxe5 Qc7
15. f4 Qb6 16. Nb3 Nd7 17. Qe2 Nf6 18. Rf3 Ne7 19. g4 Ne8 20. Nc5 Qc7 21. Re1
Nd6 22. Bb1 b6 23. Qc2 g6 24. Nb3 Nc4 25. h4 Nd6 26. Nd2 Ba6 27. h5 Rae8 28.
hxg6 fxg6 29. Nxg6 Nxg6 30. Qxg6+ Qg7 31. Rxe6 Nf7 32. Qxg7+ Kxg7 33. Rfe3 Rxe6
34. Rxe6 Rb8 35. Nf3 Rb7 36. Kf2 Bb5 37. Ne5 Nxe5 38. dxe5 1-0

[Event "Prvenstvo Sente   SENTA 2014"]
[Site "Senta"]
[Date "2014.01.26"]
[Round "3.10"]
[White "Farkas, Istvan"]
[Black "Pilisi, Lukacs"]
[Result "0-1"]
[WhiteElo "1570"]
[BlackElo "1898"]
[PlyCount "50"]
[EventDate "2014.01.24"]

1. e4 c5 2. Nf3 d6 3. d4 cxd4 4. Nxd4 Nc6 5. c3 g6 6. Be3 Bg7 7. Na3 Nf6 8. f3
O-O 9. Qd2 a6 10. O-O-O Nxd4 11. Bxd4 b5 12. Nc2 Be6 13. Kb1 Rb8 14. g4 a5 15.
h4 b4 16. cxb4 axb4 17. Nxb4 Qa5 18. a3 Qa4 19. Nd5 Bxd5 20. exd5 Qxa3 21. Qc3
Qa4 22. Bh3 Rfc8 23. Qd2 Ra8 24. b4 Rc4 25. Bc3 Qb3+ 0-1